Better Call Saul Best Episodes - Statistics

General Stats
  • This quiz has been taken 55 times
  • The average score is 24 of 63
Answer Stats
Rank Rate Answer % Correct
2 9.8 Saul Gone
94%
5 9.7 Chicanery
89%
1 9.9 Plan and Execution
89%
3 9.8 Point and Shoot
78%
10 9.4 Waterworks
75%
6 9.7 Bagman
72%
20 9 Breaking Bad
69%
8 9.6 Winner
67%
16 9.2 Lantern
61%
44 8.4 Uno
61%
38 8.5 Nippy
58%
4 9.7 Rock and Hard Place
56%
34 8.6 Nacho
53%
11 9.4 Five-O
47%
9 9.4 Fun and Games
47%
24 8.9 Mijo
47%
12 9.4 Pimento
47%
13 9.4 Something Unforgivable
47%
7 9.7 Bad Choice Road
44%
17 9.1 Carrot and Stick
44%
27 8.8 Wine and Roses
44%
37 8.6 Marco
42%
60 8.1 Black and Blue
36%
53 8.3 Something Stupid
36%
18 9.1 Wiedersehen
36%
62 8 Alpine Shepherd Boy
33%
54 8.2 Axe and Grind
33%
50 8.3 Hero
33%
19 9.1 JMM
33%
23 9 The Guy for This
33%
33 8.6 Hit and Run
31%
31 8.7 Magic Man
31%
36 8.6 RICO
31%
32 8.7 50% Off
28%
30 8.8 Coushatta
28%
63 8 Rebecca
28%
58 8.2 Smoke
28%
49 8.4 Something Beautiful
28%
15 9.3 Wexler v Goodman
28%
29 8.8 Breathe
25%
41 8.5 Pinata
25%
28 8.8 Fall
25%
25 8.9 Gloves Off
25%
61 8.1 Mabel
25%
35 8.6 Bingo
22%
21 9 Klick
22%
42 8.5 Namaste
22%
26 8.9 Sabrosito
22%
39 8.5 Slip
22%
55 8.2 Switch
22%
59 8.2 Talk
22%
56 8.2 Amarillo
19%
43 8.5 Dedicado a Max
19%
57 8.2 Expenses
19%
51 8.3 Inflatable
19%
48 8.4 Off Brand
19%
46 8.4 Bali Ha'i
17%
52 8.3 Fifi
17%
14 9.3 Nailed
17%
40 8.5 Quite a Ride
17%
22 9 Witness
17%
47 8.4 Sunk Costs
14%
45 8.4 Cobbler
11%
No matching quizzes found
Score Distribution
Percent of People with Each Score
Percentile by Number Answered
Your Score History
You have not taken this quiz